000 00307nam a2200121Ia 4500
008 190216s9999||||xx |||||||||||||| ||und||
100 _aThomas A O & Chakkunny
245 0 _aModern General Chemistry
260 _bScientific Book Co
_c1987
300 _a399p
650 _aChemistry-Chemistry
942 _cBK
999 _c2601
_d2601